| 000 | 00530nam a2200205Ia 4500 | ||
|---|---|---|---|
| 003 | GCL | ||
| 008 | 140319s9999 xx 000 0 eng d | ||
| 040 |
_aGCL / _cGCL |
||
| 082 | 0 | 4 |
_a401.9 _bR A |
| 100 | 1 | _aROSENBERG, SHEIDON | |
| 245 | 1 | 0 |
_aADVANCES IN APPLIED PSYCHOLINGUISTICS / _cROSENBERG, SHEIDON |
| 260 |
_a[S.N] : _bCAMBRIDGE ، _c1987 |
||
| 300 | _a303 P | ||
| 650 | 0 | 4 | _aLANGUAGE - ACQUISITION |
| 650 | 0 | 4 | _aREADING |
| 650 | 0 | 4 | _aWRITING |
| 650 | 0 | 4 | _aLANGUAGES |
| 650 | 0 | 4 | _aPSYCHOLINGUISTICS |
| 942 |
_2ddc _cBK |
||
| 999 |
_c24118 _d24118 |
||